书目信息 |
| 题名: |
史记故事选
|
|
| 作者: | 龙德寿 编著 | |
| 分册: | ||
| 出版信息: | 北京 学苑出版社 1991.10 |
|
| 页数: | 226页 | |
| 开本: | 19cm | |
| 丛书名: | 二十五史故事丛编 | |
| 单 册: | ||
| 中图分类: | K209 , I242 | |
| 科图分类: | 22.19 | |
| 主题词: | 历史故事--中国--现代--选集 , 小说--中国 | |
| 电子资源: | ||
| ISBN: | 7-5077-0047-X | |
| 000 | 00819nam2 2200289 45 | |
| 001 | 1563133265 | |
| 005 | 20151111141149.92 | |
| 010 | @a7-5077-0047-X@dCNY3.20 | |
| 100 | @a19920513d1991 em y0chiy0121 ea | |
| 101 | 0 | @achi |
| 102 | @aCN@b110000 | |
| 105 | @ay z 000zy | |
| 200 | 10 | @a史记故事选@ASHI JI GU SHI XUAN@f龙德寿编著@FLONG DE SHOU BIAN ZHU |
| 210 | @a北京@c学苑出版社@d1991.10 | |
| 215 | @a226页@d19cm | |
| 225 | 2 | @a二十五史故事丛编@f张巨才,柳弓田主编 |
| 410 | 0 | @120010@a二十五史故事丛编 |
| 540 | 1 | @a史记 故事@ASHI JI GU SHI |
| 605 | @a史记@x通俗读物 | |
| 606 | @a历史故事@y中国@z现代@x选集 | |
| 606 | 0 | @a小说@x中国 |
| 690 | @aK209@v三版 | |
| 690 | @aI242@v4 | |
| 692 | @a22.19 | |
| 701 | 0 | @a龙德寿@ALONG DE SHOU@4编著 |
| 801 | 0 | @aCN@bTSSF@c20150122 |
| 905 | @aZUCC@dI242@eJY4 | |
| 史记故事选/龙德寿编著.-北京:学苑出版社,1991.10 |
| 226页;19cm.-(二十五史故事丛编/张巨才,柳弓田主编) |
| ISBN 7-5077-0047-X:CNY3.20 |
| ● |
| 相关链接 |
|
|
|
|
正题名:史记故事选
索取号:I242/JY4
 
预约/预借
| 序号 | 登录号 | 条形码 | 馆藏地/架位号 | 状态 | 备注 |
| 1 | 7839394 | 278393944 | 学院路分馆/ [索取号:I242/JY4] | 在馆 | |
| 2 | 7839395 | 278393953 | 学院路分馆/ [索取号:I242/JY4] | 在馆 |